| 000 | 00871nam a22002531u 4500 | ||
|---|---|---|---|
| 001 | 06122 | ||
| 003 | HDC | ||
| 007 | cr bn ---aaaaa | ||
| 008 | 210122p2018 my | d 00 mayg | ||
| 040 | _aHDC | ||
| 110 |
_aMalaysia. _bJabatan Perangkaan |
||
| 245 | 0 | _aMALAYSIA : PERANGKAAN PERDAGANGAN LUAR NEGERI BULANAN - JULAI 2018 | |
| 260 |
_aPutrajaya: _bJabatan Perangkaan Malaysia], _c2018 |
||
| 300 | _a 1 online resource (97 pages) | ||
| 336 |
_atext _2rdacontent |
||
| 337 |
_acomputer _2rdamedia |
||
| 338 |
_aonline resource _2rdacarrier |
||
| 650 |
_aEksport dan import _96427 |
||
| 650 |
_aperdagangan _zMalaysia _96428 |
||
| 856 | _zRequest full-text at [email protected] | ||
| 942 | _2lcc | ||
| 942 | _cEIS | ||
| 942 | _kREPT 000272 | ||
| 999 |
_c3446 _d3446 |
||